Statistiken für Länder Afrikas - alphabetisch

Klicken Sie hier um das Quiz zu spielen!

Allgemein

  • Dieses Quiz wurde 493 mal gespielt
  • Das Durchschnittsergebnis liegt bei 45 aus 54

Antwortstatistiken

Länder% Korrekt
AÄgypten
97%
AAlgerien
94%
AAngola
94%
DDschibuti
91%
EEritrea
91%
GGuinea
91%
BBenin
90%
AÄthiopien
89%
GGabun
89%
GGambia
89%
GGhana
89%
GGuinea-Bissau
89%
BBurundi
88%
AÄquatorialguinea
87%
KKamerun
87%
LLibyen
87%
BBotswana
86%
MMali
86%
RRuanda
86%
SSambia
86%
EElfenbeinküste
85%
KKenia
85%
LLiberia
85%
MMauretanien
85%
NNiger
85%
UUganda
85%
BBurkina Faso
84%
LLesotho
84%
NNigeria
84%
ZZentralafrikanische Republik
84%
KKap Verde
83%
KKongo, Demokratische Republik
83%
TTansania
82%
MMadagaskar
81%
KKomoren
80%
MMarokko
80%
NNamibia
80%
TTogo
80%
SSenegal
79%
SSudan
79%
SSüdsudan
78%
TTunesien
78%
MMauritius
77%
MMosambik
77%
MMalawi
76%
TTschad
75%
SSeychellen
74%
SSao Tome und Principe
73%
SSimbabwe
73%
KKongo, Republik
71%
SSomalia
71%
SSwasiland
69%
SSierra Leone
68%
SSüdafrika
65%

Verteilung der Resultate

Perzentil nach korrekt beantworteten Fragen

Anzahl Personen mit jedem Resultat

Ihre Resultats-Entwicklung

Sie haben dieses Quiz noch nicht gespielt